|
|
|
|
| LEADER |
05305nam a2200745 a 4500 |
| 001 |
0008515 |
| 003 |
BD-DhAAL |
| 005 |
20250824205026.0 |
| 008 |
030613s2003 bg ab e 000 0 eng |
| 010 |
|
|
|a 2003325953
|
| 020 |
|
|
|a 9843205766
|q (v. 1)
|
| 020 |
|
|
|a 9789843205766
|q (v. 1)
|
| 020 |
|
|
|a 9843205774
|q (v. 2)
|
| 020 |
|
|
|a 9843205782
|q (v. 3)
|
| 020 |
|
|
|a 9843205790
|q (v. 4)
|
| 020 |
|
|
|a 9843205804
|q (v. 5)
|
| 020 |
|
|
|a 9843205812
|q (v. 6)
|
| 020 |
|
|
|a 9843205820
|q (v. 7)
|
| 020 |
|
|
|a 9843205839
|q (v. 8)
|
| 020 |
|
|
|a 9843205847
|q (v. 9)
|
| 020 |
|
|
|a 9843205855
|q (v. 10)
|
| 025 |
|
|
|a B-E-2003-325953; 01
|
| 035 |
|
|
|a 13288834
|
| 035 |
|
|
|a (DLC) 2003325953
|
| 037 |
|
|
|b Library of Congress -- New Delhi Overseas Office
|c Tk12000.00 (set)
|
| 040 |
|
|
|a DLC
|c DLC
|d BD-DhAAL
|
| 042 |
|
|
|a lcode
|
| 043 |
|
|
|a a-bg---
|
| 050 |
0 |
0 |
|a DS393.3
|b .B385 2003
|
| 082 |
|
|
|a 954.92003
|2 22
|
| 245 |
0 |
0 |
|a Banglapedia :
|b national encyclopedia of Bangladesh /
|c chief editor, Sirajul Islam ; managing editor, Sajahan Miah.
|
| 260 |
|
|
|a Dhaka :
|b Asiatic Society of Bangladesh,
|c 2003.
|
| 300 |
|
|
|a 10 v. :
|b ill. (some col.), maps (chiefly col.) ;
|c 25 cm
|
| 505 |
|
|
|a v. 1. A-Ban -- v. 2. Ban-Cho -- v. 3. Cho-Ent -- v. 4. Ent-Hal -- v. 5. Hal-Kam -- v. 6. Kam-Mic -- v. 7. Mid-Pas -- v. 8. Pat-Rut -- v. 9. Sab-Syp -- v. 10. Tab-Zoo.
|
| 520 |
|
|
|a On various subjects pertaining to Bangladesh.
|
| 530 |
|
|
|a Also issued on CD-ROM, and on the World Wide Web.
|
| 541 |
|
|
|e 0008515, 0004196, 0008516, 0004197, 0008517, 0004198, 0008518, 0004199, 0008519, 0004200, 0008520, 0004201, 0008521, 0004202, 0008522, 0004203, 0008523, 0004204, 0008524, 0004205
|
| 651 |
|
0 |
|a Bangladesh
|v Encyclopedias.
|
| 655 |
|
7 |
|a Encyclopedias.
|9 59143
|
| 700 |
1 |
|
|a Islam, Sirajul,
|d 1939-
|9 1853
|
| 700 |
1 |
|
|a Miah, Sajahan.
|9 1854
|
| 710 |
2 |
|
|a Asiatic Society of Bangladesh.
|
| 852 |
|
|
|a Ayesha Abed Library
|c Reference Section
|
| 942 |
|
|
|2 ddc
|c BK
|
| 999 |
|
|
|c 47395
|d 47395
|
| 952 |
|
|
|0 0
|1 0
|2 ddc
|4 0
|6 954_920030000000000_BAN
|7 0
|9 17193
|a BRACUL
|b BRACUL
|c REF
|d 2011-06-19
|l 1
|o 954.92003 BAN
|p 3010008515
|r 2020-03-08
|s 2020-03-03
|t Vol. 1
|w 2011-06-19
|y BK
|
| 952 |
|
|
|0 0
|1 0
|2 ddc
|4 0
|6 954_920030000000000_BAN
|7 0
|9 17194
|a BRACUL
|b BRACUL
|c REF
|d 2011-06-19
|l 1
|o 954.92003 BAN
|p 3010008516
|r 2020-03-08
|s 2020-03-03
|t Vol. 2
|w 2011-06-19
|y BK
|
| 952 |
|
|
|0 0
|1 0
|2 ddc
|4 0
|6 954_920030000000000_BAN
|7 0
|9 17195
|a BRACUL
|b BRACUL
|c REF
|d 2011-06-19
|l 1
|o 954.92003 BAN
|p 3010008517
|r 2020-03-08
|s 2020-03-03
|t Vol. 3
|w 2011-06-19
|y BK
|
| 952 |
|
|
|0 0
|1 0
|2 ddc
|4 0
|6 954_920030000000000_BAN
|7 0
|9 17196
|a BRACUL
|b BRACUL
|c REF
|d 2011-06-19
|l 1
|o 954.92003 BAN
|p 3010008518
|r 2020-03-08
|s 2020-03-03
|t Vol. 4
|w 2011-06-19
|y BK
|
| 952 |
|
|
|0 0
|1 0
|2 ddc
|4 0
|6 954_920030000000000_BAN
|7 0
|9 17197
|a BRACUL
|b BRACUL
|c REF
|d 2011-06-19
|l 1
|o 954.92003 BAN
|p 3010008519
|r 2020-03-08
|s 2020-03-03
|t Vol. 5
|w 2011-06-19
|y BK
|
| 952 |
|
|
|0 0
|1 0
|2 ddc
|4 0
|6 954_920030000000000_BAN
|7 0
|9 17198
|a BRACUL
|b BRACUL
|c REF
|d 2011-06-19
|l 1
|o 954.92003 BAN
|p 3010008520
|r 2020-03-08
|s 2020-03-03
|t Vol. 6
|w 2011-06-19
|y BK
|
| 952 |
|
|
|0 0
|1 0
|2 ddc
|4 0
|6 954_920030000000000_BAN
|7 0
|9 17199
|a BRACUL
|b BRACUL
|c REF
|d 2011-06-19
|l 1
|o 954.92003 BAN
|p 3010008521
|r 2020-03-08
|s 2020-03-03
|t Vol. 7
|w 2011-06-19
|y BK
|
| 952 |
|
|
|0 0
|1 0
|2 ddc
|4 0
|6 954_920030000000000_BAN
|7 0
|9 17200
|a BRACUL
|b BRACUL
|c REF
|d 2011-06-19
|l 1
|o 954.92003 BAN
|p 3010008522
|r 2020-03-08
|s 2020-03-03
|t Vol. 8
|w 2011-06-19
|y BK
|
| 952 |
|
|
|0 0
|1 0
|2 ddc
|4 0
|6 954_920030000000000_BAN
|7 0
|9 17201
|a BRACUL
|b BRACUL
|c REF
|d 2011-06-19
|l 2
|o 954.92003 BAN
|p 3010008523
|r 2020-03-08
|s 2020-03-03
|t Vol. 9
|w 2011-06-19
|y BK
|
| 952 |
|
|
|0 0
|1 0
|2 ddc
|4 0
|6 954_920030000000000_BAN
|7 0
|9 17202
|a BRACUL
|b BRACUL
|c REF
|d 2011-06-19
|l 1
|o 954.92003 BAN
|p 3010008524
|r 2020-03-08
|s 2020-03-03
|t Vol. 10
|w 2011-06-19
|y BK
|
| 952 |
|
|
|0 0
|1 0
|2 ddc
|4 0
|6 954_920030000000000_BAN
|7 0
|9 43643
|a SCL
|b SCL
|c REF
|d 2003-09-18
|l 0
|o 954.92003 BAN
|p 3020004205
|r 2014-09-01
|t Vol. 10
|w 2014-09-01
|y BK
|
| 952 |
|
|
|0 0
|1 0
|2 ddc
|4 0
|6 954_920030000000000_BAN
|7 0
|9 43644
|a SCL
|b SCL
|c REF
|d 2003-09-18
|l 0
|o 954.92003 BAN
|p 3020004204
|r 2014-09-01
|t Vol. 9
|w 2014-09-01
|y BK
|
| 952 |
|
|
|0 0
|1 0
|2 ddc
|4 0
|6 954_920030000000000_BAN
|7 0
|9 43645
|a SCL
|b SCL
|c REF
|d 2003-09-18
|l 0
|o 954.92003 BAN
|p 3020004203
|r 2014-09-01
|t Vol. 8
|w 2014-09-01
|y BK
|
| 952 |
|
|
|0 0
|1 0
|2 ddc
|4 0
|6 954_920030000000000_BAN
|7 0
|9 43646
|a SCL
|b SCL
|c REF
|d 2003-09-18
|l 0
|o 954.92003 BAN
|p 3020004202
|r 2014-09-01
|t Vol. 7
|w 2014-09-01
|y BK
|
| 952 |
|
|
|0 0
|1 0
|2 ddc
|4 0
|6 954_920030000000000_BAN
|7 1
|9 43647
|a SCL
|b SCL
|c REF
|d 2003-09-18
|l 0
|o 954.92003 BAN
|p 3020004201
|r 2014-09-01
|t Vol. 6
|w 2014-09-01
|y BK
|
| 952 |
|
|
|0 0
|1 0
|2 ddc
|4 0
|6 954_920030000000000_BAN
|7 0
|9 43648
|a SCL
|b SCL
|c REF
|d 2003-09-18
|l 0
|o 954.92003 BAN
|p 3020004200
|r 2014-09-01
|t Vol. 5
|w 2014-09-01
|y BK
|
| 952 |
|
|
|0 0
|1 0
|2 ddc
|4 0
|6 954_920030000000000_BAN
|7 0
|9 43649
|a SCL
|b SCL
|c REF
|d 2003-09-18
|l 0
|o 954.92003 BAN
|p 3020004199
|r 2025-03-05
|t Vol. 4
|w 2014-09-01
|y BK
|
| 952 |
|
|
|0 0
|1 0
|2 ddc
|4 0
|6 954_920030000000000_BAN
|7 0
|9 43650
|a SCL
|b SCL
|c REF
|d 2003-09-18
|l 0
|o 954.92003 BAN
|p 3020004198
|r 2014-09-01
|t Vol. 3
|w 2014-09-01
|y BK
|
| 952 |
|
|
|0 0
|1 0
|2 ddc
|4 0
|6 954_920030000000000_BAN
|7 0
|9 43651
|a SCL
|b SCL
|c REF
|d 2003-09-18
|l 0
|o 954.92003 BAN
|p 3020004197
|r 2014-09-01
|t Vol. 2
|w 2014-09-01
|y BK
|
| 952 |
|
|
|0 0
|1 0
|2 ddc
|4 0
|6 954_920030000000000_BAN
|7 0
|9 43652
|a SCL
|b SCL
|c REF
|d 2003-09-18
|l 0
|o 954.92003 BAN
|p 3020004196
|r 2014-09-01
|t Vol. 1
|w 2014-09-01
|y BK
|